| 000 | 00538nam a2200181Ia 4500 | ||
|---|---|---|---|
| 003 | LK-CoDNM | ||
| 008 | 010623t1979 xxu||||| |||| 00| 1 sin d | ||
| 040 |
_aLK-CoDNM _dLK-CoDNM _eLK-CoDNM |
||
| 041 | _asin | ||
| 080 |
_a341.1 _b(2) |
||
| 100 | _aDayananda,K.V.Alfred | ||
| 245 | _aජාත්යන්තර හා දේශිය ආයතන හා සංවිධාන | ||
| 246 | _aJatayanthara Haa Desheeya Ayathana Haa Sanvidana | ||
| 260 |
_b _c1979 |
||
| 300 | _bp.64, 20.9 cm | ||
| 650 | _aOrganisation | ||
| 942 | _cBK | ||
| 999 |
_c110966 _d110966 |
||